01412 a2200133 4500003000400000005001700004008004100021020001800062100001500080245009600095260004100191300001100232520103500243OSt20251212122433.0251212b |||||||| |||| 00| 0 eng d a9789386867148 aHallegua M a100 Desi Stories Great Indian LeaderbInspiring stories from the lives of legendary Leaders bJaico Publishing Housec2018aMumbai a242pp. aIndia is home to many legendary figures who have paved the way for change through their indomitable spirit. 100 Desi Stories: Great Indian Leaders is a testament to the talents, inspiration, and resilience of a hundred trailblazers. These crusaders may be royals, warriors, rebels and reformists, spiritual mentors, artists, activists, or sports persons who have proved their mettle under the most trying circumstances. Emperor Akbar stabilized the Mughal economy; Chandragupta founded the Mauryan dynasty; Mahatma Gandhi led the Indian independence movement; Prime Minister Narendra Modi has garnered attention for his innovative strategies; and Priyanka Chopra has turned into a global icon—the stories of these leaders from the ancient and contemporary times will inspire you to achieve your goals. Each story ends with pertinent questions making the reader introspect. It reminds them to persist through hardships to realize their dreams. Dive into the world of these changemakers and enhance your problem-solving skills!